000 00926nam 22002413 4500
001 6087
010 _a9789899187054
021 _b530153/24
090 _a6087
100 _a20251022d2024 u||y0pory50 ba
200 _aDona linguaruda
_fPedro Seromenho
_gil. Ricardo Ladeira
210 _a[S.l.]
_cPaleta de Letras
_d2024
215 _a[28] p.
_cil.
330 _aEsta é a história da Dona Linguaruda: mãe, avó, mulher e língua! Ela adorava viajar e conhecer outras línguas, mas foi ficando velha e cansada. Começou a tropeçar em quase tudo e em quase nada! Ainda assim, ela não desiste e aprende com os seus erros
606 _914
_aLiteratura infantil
606 _915
_aLiteratura Portuguesa
675 _a82-93
_vBN
_zpor
675 _a821.134.3
_vBN
_zpor
700 _94068
_aSeromenho
_bPedro
_f1975-
701 _95798
_aLadeira
_bRicardo
801 _aPT
_bBEN2VN
_gRPC
830 _cTânia Croca
_d22/10/2025
990 _cLIVROS